Material remains of the Megiddo cult /

محفوظ في:

المؤلف الرئيسي: May, Herbert G. 1904-1977 (مؤلف)

مؤلفون آخرون: Engberg, Robert M. 1906-

التنسيق: كتاب

اللغة: English

منشور في: Chicago : University of Chicago Press, [1935].

سلاسل: University of Chicago. Oriental Institute publications ; 26.

الموضوعات:

الوسوم: إضافة وسم

لا توجد وسوم, كن أول من يضع وسما على هذه التسجيلة!

رقم الطلب: BL1640 .M46 1935

LEADER 01087nam a22003011 4500
003 OSt
005 20250915092227.0
008 130303s1935 iluaef 001 0 eng d
010 |a 36003487 
040 |c ARCE Library 
043 |a awba---  |a awgz--- 
050 4 |a BL1640 .M46 1935 
100 1 |a May, Herbert G.  |q (Herbert Gordon),  |d 1904-1977,  |e author 
245 1 0 |a Material remains of the Megiddo cult /  |c by Herbert Gordon May ; with a chapter by Robert M. Engberg. 
264 1 |a Chicago :   |b University of Chicago Press,   |c [1935]. 
300 |a xiv, 51 pages, 41 leaves of plates :  |b illustrations, plans ;  |c 31 cm. 
490 0 |a University of Chicago. Oriental Institute publications ;   |v 26. 
500 |a "List of abbreviations" : pages xiii-xiv. 
500 |a Includes index. 
650 0 |a Jews  |x Antiquities. 
650 0 |a Worship in the Bible. 
651 0 |a Megiddo (Extinct city) 
651 0 |a Palestine  |x Antiquities. 
651 0 |a Palestine  |x Religion. 
700 1 |a Engberg, Robert M.  |q (Robert Martin),  |d 1906-  |9 29619 
901 |a reviewed 
942 |c BK  |2 lcc 
999 |c 30235  |d 30235